LEADER 01067nam a2200289 u 4500 001 000000040779 003 CaOOAMICUS 005 20070226114135.0 008 980619s1995 it u000 u ita u 020 $a88-02-04886-X 035 $a10798468 040 $aBAV$bita$dPUL(R) 245 00$aBioetica /$cCarlo Romano, Goffredo Grassani. 260 $aTorino :$bUTET,$c[1995] 300 $axvi, 737 p. ;$c26 cm 500 $aContributo di vari autori. 504 $aContiene bibliografia in note. 650 4$aBioetica$vManuali.$0(OLS)http://pul/subject/18403 700 1 $aGrassani, Goffredo.$0(OLS)http://pul/name/30056 700 1 $aRomano, Carlo.$0(OLS)http://pul/name/30055 850 $aPUL 852 $aPUL$W1$xSL Religione 1$y3$m39 C 40$j55372$nBK-PRI$b $qStampati$B55372$CPULBib$Z2$F55372 $H $81 941 1 $a8 961 $aINV: 74047 996 $6020$a88-02-04886-X$9(OLS)http://pul/number/50603 996 $6245$aBioetica$9(OLS)http://pul/title/54986 996 $6260$aTorino :$bUTET$9(OLS)http://pul/publisher/48088 LEADER 01275nam a2200265 a 4500 001 000000164037 003 CaOOAMICUS 005 20171108153309.0 008 171108s1997 it m u000 udita r 032 $aLibriCat 040 $aPUL$bita 100 1 $aDrimal, Ludvik.$0(OLS)http://pul/name/105418 245 03$aIl cardinale Frantisek Tomasek : $bla ricostruzione della sua figura di catechista e di catecheta /$cLudvik Drímal . 260 $aRoma :$b[s.n.],$c1997. 300 $a226 p. ; $c24 cm. 502 $aEstratto di Tesi. Università Pontificia Salesiana. Facoltà di Teologia.1997. 504 $aBibliografia in nota a piè pagina. 600 14$aTomá?ek, Franti?ek,$ccard.,$d1899-1992.$0(OLS)http://pul/subject/45097 710 2 $aPontificia Università Salesiana.$bFacoltà di teologia.$kTesi.$0(OLS)http://pul/name/12417 850 $aPUL 852 $aPUL$W1$xDP1 Tesi Pon. Univ. Salesiana$y46$mTH SAL 391$j188127$qTesi$B191308$CPULBib$Z2$F191308 $H78549 $82 941 1 $a16 996 $6245$aIl cardinale Frantisek Tomasek : $bla ricostruzione della sua figura di catechista e di catecheta$9(OLS)http://pul/title/203731 996 $6260$aRoma :$b[s.n.]$9(OLS)http://pul/publisher/47958